Statistics for AFL: Brownlow Medal Top 10 2016

Click here to take the quiz!

General Stats

  • This quiz has been taken 181 times
  • The average score is 4 of 10

Answer Stats

Placing Name % Correct
1Dangerfield
100%
3Martin
82%
2Parker
65%
4Sloane*
56%
7Neale
23%
5Treloar
22%
8Gray
22%
5Gaff
18%
8Merret
15%
8Riewoldt
8%

Score Distribution

Percentile by Number Answered

Percent of People with Each Score

Your Score History

You have not taken this quiz